01306nam a2200169 4500008001000000020001800010082001500028100002300043245002700066260007800093300003400171505068800205650007300893700004100966999001501007952011401022708 P892d a9788445727010 a708bP892d aPoyo, Txuspo95744 aDelay Glass 18201046-L aPaís VascobServicios Central de Publicaciones del Gobierno Vascoc2008 a163 p.bill (col)c21 x 15 cm tRetardo en vídeotAtzerapena BideoantDelay in vídeotDelay Glass 1tDelay Glass 2tTexto Javier San Martínt"Vacaciones en el pasado"tUnion d`intellectuelstÉtant donnés...tLa novia desde abajotFracasos y matest"Pour copie conforme"tLa Mariée animadatAnémicotITZULPENAKt"Oporrak iraganean"tUnion d´intellectuelstÉtant donnés...tAndregaia behetiktPorrotak eta mateakt"Pour copie conforme"tLa Mariée bizidunatAnémikoatTRANSLATIONSt"Holidays into de past"tUnion d´intellectuelstÉtant donnés...tThe bride fom belowtFailures and checkmatest"Pour copie conforme"tLa Mariée in animated versiontAnémictASOCIACIONES LIBREStCRÉDITOS xarte contemporáneoxarte - exhibicionesxEspañaxvideoarte96723 aSan Martín, Francisco Javier96724 c1635d1635 00102ddc4070aLVbLVcMonografíasd2018-10-13l0o708 P892dp000971r2018-10-13 00:00:00w2018-10-13y01